| 000 | 00683nam a2200217Ia 4500 | ||
|---|---|---|---|
| 003 | GCL | ||
| 008 | 140319s9999 xx 000 0 ara d | ||
| 040 |
_aGCL / _cGCL |
||
| 082 | 0 | 4 |
_a001.6424 _bا ب |
| 100 | 1 | _aايترن، دولوريس | |
| 245 | 1 | 0 |
_aالبرمجة الهيكلية بلغة فورتران 77 للهندسة والعلوم / _cايترن، دولوريس |
| 700 | 1 | _aحسن العزة(مراجع) | |
| 700 | 1 | _aسامى سرحان (مترجم) | |
| 260 |
_a[S.N] : _bشركة بنيامين كمنجر ، _c1991 |
||
| 300 | _a662 | ||
| 490 | _a | ||
| 650 | 0 | 4 | _aالهندسة |
| 650 | 0 | 4 | _aالعلوم |
| 650 | 0 | 4 | _aفورتران |
| 942 |
_2ddc _cBK |
||
| 999 |
_c38566 _d38566 |
||